[Event "MP do lat 16 - dziewczeta"]
[Site "Sypniewo"]
[Date "2022.03.19"]
[Round "1.9"]
[White "Skolska, Emilia"]
[Black "Szopa, Emilia"]
[Result "0-1"]
[BlackElo "1758"]
[WhiteElo "1362"]
[LiveChessVersion "1.4.8"]

1. d4 {[%clk 1:30:58]} Nf6 {[%clk 1:30:46]} 2. Bf4 {[%clk 1:31:24]} e6
{[%clk 1:29:25]} 3. e3 {[%clk 1:31:44]} c5 {[%clk 1:25:39]} 4. c3
{[%clk 1:32:08]} d5 {[%clk 1:23:01]} 5. Nd2 {[%clk 1:31:35]} Nc6 {[%clk 1:20:08]}
6. Bd3 {[%clk 1:30:11]} c4 {[%clk 1:15:15]} 7. Bc2 {[%clk 1:30:30]} Bd6
{[%clk 1:13:09]} 8. Bg3 {[%clk 1:30:52]} e5 {[%clk 1:02:39]} 9. dxe5
{[%clk 1:25:05]} Bxe5 {[%clk 1:00:39]} 10. Ndf3 {[%clk 1:21:05]} Bg4
{[%clk 0:45:08]} 11. Qd2 {[%clk 1:12:14]} Bxg3 {[%clk 0:38:07]} 12. hxg3
{[%clk 1:12:33]} Ne4 {[%clk 0:32:33]} 13. Bxe4 {[%clk 1:08:11]} dxe4
{[%clk 0:29:25]} 14. Qxd8+ {[%clk 1:08:33]} Rxd8 {[%clk 0:29:49]} 15. Nd2
{[%clk 1:08:40]} Ne5 {[%clk 0:27:42]} 16. Nxe4 {[%clk 1:03:24]} Nd3+
{[%clk 0:26:03]} 17. Kf1 {[%clk 1:03:47]} Bf5 {[%clk 0:19:35]} 18. Ng5
{[%clk 0:58:45]} Nxb2 {[%clk 0:18:26]} 19. e4 {[%clk 0:58:40]} Bg6
{[%clk 0:18:06]} 20. f4 {[%clk 0:50:34]} f6 {[%clk 0:17:02]} 21. Ne6
{[%clk 0:50:54]} Rd1+ {[%clk 0:16:51]} 22. Rxd1 {[%clk 0:51:14]} Nxd1
{[%clk 0:17:06]} 23. Nxg7+ {[%clk 0:30:08]} Kf7 {[%clk 0:16:38]} 24. Nf5
{[%clk 0:30:25]} Bxf5 {[%clk 0:15:04]} 25. exf5 {[%clk 0:30:48]} Nxc3 0-1

[Event "MP do lat 16 - dziewczeta"]
[Site "Sypniewo"]
[Date "2022.03.19"]
[Round "1.10"]
[White "Kucharska, Helena"]
[Black "Romejko, Jagoda"]
[Result "1-0"]
[BlackElo "1361"]
[WhiteElo "1687"]
[LiveChessVersion "1.4.8"]

1. d4 {[%clk 1:30:58]} d5 {[%clk 1:30:56]} 2. Nf3 {[%clk 1:31:19]} c5
{[%clk 1:31:22]} 3. e3 {[%clk 1:31:35]} Nf6 {[%clk 1:31:39]} 4. b3
{[%clk 1:31:55]} e6 {[%clk 1:31:11]} 5. Bb2 {[%clk 1:31:57]} Nc6 {[%clk 1:30:18]}
6. Bd3 {[%clk 1:30:50]} Be7 {[%clk 1:30:01]} 7. dxc5 {[%clk 1:29:51]} Bxc5
{[%clk 1:27:09]} 8. O-O {[%clk 1:28:29]} O-O {[%clk 1:26:33]} 9. Nbd2
{[%clk 1:26:08]} Re8 {[%clk 1:23:36]} 10. a3 b6 {[%clk 1:15:49]} 11. b4
{[%clk 1:22:31]} Bd6 {[%clk 1:13:25]} 12. e4 {[%clk 1:17:05]} dxe4
{[%clk 0:49:15]} 13. Nxe4 {[%clk 1:16:57]} Nxe4 {[%clk 0:37:43]} 14. Bxe4
{[%clk 1:17:03]} Bb7 {[%clk 0:37:34]} 15. Re1 {[%clk 1:01:50]} Qc7
{[%clk 0:34:08]} 16. c4 {[%clk 0:45:14]} Rad8 {[%clk 0:29:02]} 17. Qc1
{[%clk 0:39:57]} Ne7 {[%clk 0:23:28]} 18. Bxb7 {[%clk 0:34:40]} Qxb7
{[%clk 0:23:42]} 19. Qc3 {[%clk 0:33:14]} Nf5 {[%clk 0:15:16]} 20. g4
{[%clk 0:30:07]} Be7 {[%clk 0:13:57]} 21. gxf5 {[%clk 0:28:48]} Bf6
{[%clk 0:14:15]} 22. Ne5 {[%clk 0:28:12]} exf5 {[%clk 0:09:54]} 23. f4
{[%clk 0:24:15]} Re6 {[%clk 0:06:48]} 24. Re3 {[%clk 0:17:12]} Red6
{[%clk 0:05:58]} 25. Qe1 {[%clk 0:15:52]} Rd2 {[%clk 0:03:48]} 26. Nf3
{[%clk 0:15:57]} Qd7 {[%clk 0:01:38]} 27. Bxf6 {[%clk 0:15:44]} gxf6
{[%clk 0:01:24]} 28. Nxd2 {[%clk 0:13:54]} Qd4 {[%clk 0:00:49]} 29. Nf3
{[%clk 0:13:32]} Qd6 {[%clk 0:00:52]} 30. Re8+ {[%clk 0:12:58]} Rxe8
{[%clk 0:00:53]} 31. Qxe8+ {[%clk 0:13:21]} Kg7 {[%clk 0:01:18]} 32. Qe3
{[%clk 0:13:05]} 1-0

[Event "MP do lat 16 - dziewczeta"]
[Site "Sypniewo"]
[Date "2022.03.19"]
[Round "1.11"]
[White "Zalewska, Malgorzata"]
[Black "Obrochta, Lena"]
[Result "1-0"]
[BlackElo "1685"]
[WhiteElo "1338"]
[LiveChessVersion "1.4.8"]

1. e4 {[%clk 1:30:58]} c5 {[%clk 1:30:52]} 2. Nf3 {[%clk 1:31:23]} e6
{[%clk 1:31:17]} 3. d4 {[%clk 1:31:49]} cxd4 {[%clk 1:31:42]} 4. Nxd4
{[%clk 1:32:14]} a6 {[%clk 1:31:55]} 5. Bd3 {[%clk 1:32:37]} Bc5 {[%clk 1:31:13]}
6. Nb3 {[%clk 1:32:56]} Be7 {[%clk 1:31:36]} 7. Be3 {[%clk 1:32:30]} Qc7
{[%clk 1:31:16]} 8. N1d2 {[%clk 1:30:47]} d6 {[%clk 1:29:29]} 9. f4
{[%clk 1:28:23]} Nf6 {[%clk 1:27:06]} 10. Qe2 {[%clk 1:25:09]} Nc6
{[%clk 1:23:29]} 11. O-O-O {[%clk 1:21:37]} b5 {[%clk 1:21:10]} 12. g4
{[%clk 1:20:42]} Bb7 {[%clk 1:14:46]} 13. g5 {[%clk 1:17:14]} Nd7
{[%clk 1:14:51]} 14. Qf2 {[%clk 1:11:54]} Rc8 {[%clk 1:04:01]} 15. Kb1
{[%clk 1:10:25]} Na5 {[%clk 0:49:31]} 16. Rhf1 {[%clk 1:06:12]} Nc4
{[%clk 0:37:24]} 17. f5 {[%clk 0:54:39]} Nde5 {[%clk 0:31:51]} 18. fxe6
{[%clk 0:50:58]} fxe6 {[%clk 0:24:58]} 19. Nd4 {[%clk 0:48:49]} Qd7
{[%clk 0:22:53]} 20. Bxc4 {[%clk 0:44:07]} bxc4 {[%clk 0:22:53]} 21. c3
{[%clk 0:43:51]} Rf8 {[%clk 0:20:18]} 22. Qh4 {[%clk 0:41:49]} Rc5
{[%clk 0:10:08]} 23. Rxf8+ {[%clk 0:38:21]} Bxf8 {[%clk 0:10:22]} 24. Nc2
{[%clk 0:31:48]} Rc8 {[%clk 0:07:50]} 25. Nd4 {[%clk 0:30:32]} Rb8
{[%clk 0:05:31]} 26. Rf1 {[%clk 0:29:20]} Bc8 {[%clk 0:02:33]} 27. Qh5+
{[%clk 0:25:41]} g6 {[%clk 0:02:18]} 28. Qd1 {[%clk 0:25:41]} Be7
{[%clk 0:01:21]} 29. N4f3 {[%clk 0:23:59]} Ng4 {[%clk 0:00:39]} 30. Bd4
{[%clk 0:20:03]} Qb5 {[%clk 0:00:35]} 31. Qc2 {[%clk 0:20:06]} Bd7
{[%clk 0:00:36]} 32. Ka1 {[%clk 0:18:56]} a5 {[%clk 0:00:37]} 33. Rb1
{[%clk 0:17:15]} a4 {[%clk 0:00:50]} 34. a3 {[%clk 0:16:30]} Bc6 {[%clk 0:00:49]}
35. Ba7 {[%clk 0:14:16]} Rc8 {[%clk 0:00:35]} 36. Bd4 {[%clk 0:14:27]} Bd7
{[%clk 0:00:45]} 37. Re1 {[%clk 0:14:08]} Ne5 {[%clk 0:00:36]} 38. Bxe5
{[%clk 0:14:13]} dxe5 {[%clk 0:01:02]} 39. h4 {[%clk 0:14:02]} Rb8
{[%clk 0:01:07]} 40. Nh2 {[%clk 0:43:49]} Kf7 {[%clk 0:30:58]} 41. Ng4
{[%clk 0:43:38]} Kg7 {[%clk 0:27:16]} 42. Rf1 {[%clk 0:42:09]} Bc6
{[%clk 0:23:59]} 43. Nh6 {[%clk 0:39:47]} Rf8 {[%clk 0:20:54]} 44. Rxf8
{[%clk 0:40:02]} Bxf8 {[%clk 0:21:06]} 45. Ng4 {[%clk 0:40:15]} Qc5
{[%clk 0:20:26]} 46. Qd1 {[%clk 0:38:46]} Be7 {[%clk 0:16:26]} 47. Qf1
{[%clk 0:37:50]} Bb5 {[%clk 0:14:29]} 48. Nf3 {[%clk 0:36:10]} Qc8
{[%clk 0:08:07]} 49. Ngxe5 {[%clk 0:31:25]} Qf8 {[%clk 0:07:03]} 50. Qg1
{[%clk 0:22:32]} Bc5 {[%clk 0:05:07]} 51. Nd4 {[%clk 0:19:04]} Kg8
{[%clk 0:03:30]} 52. Qg4 {[%clk 0:16:14]} Bxd4 {[%clk 0:01:11]} 53. Qxe6+
{[%clk 0:15:30]} Kg7 {[%clk 0:01:17]} 54. cxd4 {[%clk 0:15:17]} c3
{[%clk 0:01:15]} 55. Qf6+ {[%clk 0:15:00]} Qxf6 {[%clk 0:01:15]} 56. gxf6+
{[%clk 0:15:28]} Kxf6 {[%clk 0:01:36]} 57. bxc3 {[%clk 0:15:40]} Bf1
{[%clk 0:01:33]} 58. Kb2 {[%clk 0:14:39]} Bg2 {[%clk 0:01:20]} 59. Nd7+
{[%clk 0:14:55]} Ke7 {[%clk 0:01:02]} 60. Nc5 {[%clk 0:15:13]} h6
{[%clk 0:01:01]} 61. Kc2 {[%clk 0:14:46]} g5 {[%clk 0:00:41]} 62. hxg5
{[%clk 0:14:59]} hxg5 {[%clk 0:01:07]} 63. Kd3 {[%clk 0:14:42]} g4
{[%clk 0:00:44]} 64. Ke3 {[%clk 0:14:46]} g3 {[%clk 0:00:38]} 65. Kf4
{[%clk 0:15:06]} Bxe4 {[%clk 0:00:49]} 66. Kxg3 {[%clk 0:15:29]} Bc2
{[%clk 0:01:12]} 67. Kf4 {[%clk 0:15:49]} Kd6 {[%clk 0:00:54]} 68. Ke3
{[%clk 0:15:49]} Kd5 {[%clk 0:00:50]} 69. Kd2 {[%clk 0:15:48]} Bf5
{[%clk 0:00:47]} 70. Nxa4 {[%clk 0:15:57]} Kc4 {[%clk 0:00:46]} 71. Nb6+
{[%clk 0:16:00]} Kb5 {[%clk 0:00:52]} 72. Nd5 {[%clk 0:16:05]} Ka4
{[%clk 0:00:46]} 73. Ne3 {[%clk 0:15:56]} Be4 {[%clk 0:00:37]} 74. c4
{[%clk 0:14:42]} Kxa3 {[%clk 0:00:45]} 75. Kc3 {[%clk 0:15:02]} Ka4
{[%clk 0:00:52]} 76. d5 {[%clk 0:15:11]} 1-0

[Event "MP do lat 16 - dziewczeta"]
[Site "Sypniewo"]
[Date "2022.03.19"]
[Round "1.12"]
[White "Oborska, Magda"]
[Black "Lach, Alicja"]
[Result "1-0"]
[BlackElo "1327"]
[WhiteElo "1627"]
[LiveChessVersion "1.4.8"]

1. e4 {[%clk 1:30:57]} c5 {[%clk 1:30:58]} 2. Nf3 {[%clk 1:31:21]} g6
{[%clk 1:31:22]} 3. d4 {[%clk 1:31:46]} cxd4 {[%clk 1:31:47]} 4. Nxd4
{[%clk 1:32:11]} Bg7 {[%clk 1:32:14]} 5. Be2 {[%clk 1:32:22]} Nc6
{[%clk 1:32:36]} 6. Nb3 {[%clk 1:32:47]} Nf6 {[%clk 1:33:01]} 7. Nc3
{[%clk 1:33:11]} O-O {[%clk 1:33:13]} 8. O-O {[%clk 1:33:36]} d6 {[%clk 1:33:36]}
9. Re1 {[%clk 1:33:55]} Bd7 {[%clk 1:32:41]} 10. Bf1 {[%clk 1:34:11]} Ne5
{[%clk 1:30:52]} 11. h3 {[%clk 1:32:53]} Qc7 {[%clk 1:19:25]} 12. Bg5
{[%clk 1:29:29]} Bc6 {[%clk 1:16:38]} 13. Nd5 {[%clk 1:20:49]} Bxd5
{[%clk 1:13:54]} 14. exd5 {[%clk 1:21:10]} Rfe8 {[%clk 1:08:18]} 15. Rc1
{[%clk 1:08:17]} a6 {[%clk 1:07:25]} 16. c4 {[%clk 1:07:42]} b6 {[%clk 1:02:55]}
17. Re3 {[%clk 1:06:02]} Ned7 {[%clk 0:58:04]} 18. Qe2 {[%clk 1:03:34]} Nc5 19.
Re1 {[%clk 1:00:04]} Kf8 {[%clk 0:53:21]} 20. Nd4 {[%clk 0:57:30]} Ng8
{[%clk 0:47:00]} 21. Nc6 {[%clk 0:55:37]} f6 {[%clk 0:45:44]} 22. Bf4
{[%clk 0:53:39]} a5 {[%clk 0:42:15]} 23. Nd4 {[%clk 0:53:10]} Qd7
{[%clk 0:39:44]} 24. a3 {[%clk 0:43:33]} g5 {[%clk 0:36:53]} 25. Bg3
{[%clk 0:42:29]} a4 {[%clk 0:27:20]} 26. Qh5 {[%clk 0:36:15]} Nh6
{[%clk 0:25:13]} 27. Ne6+ {[%clk 0:35:30]} Kg8 {[%clk 0:21:51]} 28. Nxc5
{[%clk 0:26:33]} bxc5 {[%clk 0:21:40]} 29. Re6 {[%clk 0:26:39]} Nf7
{[%clk 0:20:02]} 30. Bd3 {[%clk 0:26:10]} h6 {[%clk 0:20:19]} 31. Bg6
{[%clk 0:25:57]} Ne5 {[%clk 0:18:37]} 32. Bxe8 {[%clk 0:24:23]} Rxe8
{[%clk 0:17:10]} 33. Qe2 {[%clk 0:23:57]} Rb8 {[%clk 0:15:44]} 34. f4
{[%clk 0:23:35]} gxf4 {[%clk 0:15:48]} 35. Bxf4 {[%clk 0:23:56]} Qe8
{[%clk 0:14:56]} 36. Qc2 {[%clk 0:20:03]} Rb3 {[%clk 0:09:59]} 37. Re3
{[%clk 0:17:08]} Rb7 {[%clk 0:06:23]} 38. b3 {[%clk 0:16:23]} Qg6
{[%clk 0:03:42]} 39. Qd1 {[%clk 0:12:35]} Qf5 {[%clk 0:03:13]} 40. Bxe5
{[%clk 0:40:15]} fxe5 {[%clk 0:33:32]} 41. b4 {[%clk 0:37:53]} cxb4
{[%clk 0:31:51]} 42. Qxa4 {[%clk 0:37:57]} Qb1+ {[%clk 0:29:46]} 43. Kh2
{[%clk 0:38:04]} bxa3 {[%clk 0:28:03]} 44. Rxa3 {[%clk 0:37:32]} Kh7
{[%clk 0:27:41]} 45. Qe8 {[%clk 0:36:24]} Qf5 {[%clk 0:21:16]} 46. Rf3
{[%clk 0:35:41]} Qg5 {[%clk 0:20:24]} 47. Rg3 {[%clk 0:34:51]} Qf4
{[%clk 0:18:50]} 48. Qg6+ {[%clk 0:35:08]} 1-0

[Event "MP do lat 16 - dziewczeta"]
[Site "Sypniewo"]
[Date "2022.03.19"]
[Round "1.13"]
[White "Samol, Julia"]
[Black "Arciszewska, Zuzanna"]
[Result "1/2-1/2"]
[BlackElo "1589"]
[WhiteElo "1317"]
[LiveChessVersion "1.4.8"]

1. e4 {[%clk 1:30:58]} e5 {[%clk 1:30:52]} 2. Nf3 {[%clk 1:31:23]} Nc6
{[%clk 1:31:11]} 3. Nc3 {[%clk 1:31:42]} Nf6 {[%clk 1:31:28]} 4. d4
{[%clk 1:31:57]} exd4 {[%clk 1:30:59]} 5. Nxd4 {[%clk 1:32:22]} Bb4
{[%clk 1:29:06]} 6. Nxc6 {[%clk 1:31:53]} bxc6 {[%clk 1:28:46]} 7. Bd3
{[%clk 1:32:08]} d6 {[%clk 1:25:32]} 8. O-O {[%clk 1:30:42]} Be6 {[%clk 1:22:46]}
9. Bg5 {[%clk 1:17:18]} h6 {[%clk 1:22:20]} 10. Bh4 {[%clk 1:16:46]} Qe7
{[%clk 1:03:10]} 11. Qf3 {[%clk 1:12:15]} g5 {[%clk 1:03:03]} 12. Bg3
{[%clk 1:11:59]} Bg4 {[%clk 1:02:31]} 13. Qe3 {[%clk 1:11:31]} Bc5
{[%clk 0:54:04]} 14. Qd2 {[%clk 1:08:29]} Nh5 {[%clk 0:52:24]} 15. Kh1
{[%clk 1:06:37]} Nxg3+ {[%clk 0:49:23]} 16. fxg3 {[%clk 1:06:36]} Be6
{[%clk 0:46:47]} 17. Ne2 {[%clk 0:58:54]} Kd7 {[%clk 0:30:31]} 18. c4
{[%clk 0:27:07]} a5 {[%clk 0:28:13]} 19. a3 {[%clk 0:26:00]} Rhb8
{[%clk 0:25:37]} 20. e5 {[%clk 0:21:06]} d5 {[%clk 0:24:03]} 21. Bf5
{[%clk 0:20:34]} Ke8 {[%clk 0:17:41]} 22. Qc2 {[%clk 0:06:10]} dxc4
{[%clk 0:14:46]} 23. Nc3 {[%clk 0:03:42]} Bd4 {[%clk 0:13:30]} 24. Qe4
{[%clk 0:01:56]} Bxc3 {[%clk 0:13:06]} 25. Qxc6+ {[%clk 0:01:38]} Qd7
{[%clk 0:12:51]} 26. Qxd7+ {[%clk 0:01:25]} Bxd7 {[%clk 0:13:13]} 27. Bxd7+
{[%clk 0:01:43]} Kxd7 {[%clk 0:13:41]} 28. bxc3 {[%clk 0:02:01]} Ke7
{[%clk 0:13:23]} 29. Rf3 {[%clk 0:00:48]} Rb5 {[%clk 0:11:21]} 30. Raf1
{[%clk 0:00:51]} Rf8 {[%clk 0:11:39]} 31. Rf6 {[%clk 0:00:44]} Rxe5
{[%clk 0:11:15]} 32. Rxh6 {[%clk 0:00:43]} f6 {[%clk 0:08:14]} 33. Rh7+
{[%clk 0:00:49]} Kd6 {[%clk 0:08:41]} 34. Rh6 {[%clk 0:00:39]} Kd5
{[%clk 0:06:25]} 35. h3 {[%clk 0:00:41]} Re3 {[%clk 0:01:49]} 36. Rf3
{[%clk 0:01:03]} Re1+ {[%clk 0:01:32]} 37. Kh2 {[%clk 0:01:31]} Ke6
{[%clk 0:00:53]} 38. Rh7 {[%clk 0:01:34]} Kd6 {[%clk 0:00:49]} 39. Rh6
{[%clk 0:01:39]} Ke5 {[%clk 0:00:44]} 40. Rh7 {[%clk 0:31:58]} Kd6
{[%clk 0:31:03]} 41. Rh6 {[%clk 0:31:01]} Re6 {[%clk 0:23:40]} 42. Rg6
{[%clk 0:17:54]} Ke7 {[%clk 0:19:44]} 43. Rg7+ {[%clk 0:17:46]} Rf7
{[%clk 0:18:42]} 44. Rg8 {[%clk 0:18:09]} Rf8 {[%clk 0:18:36]} 45. Rg7+
{[%clk 0:18:28]} Rf7 {[%clk 0:17:46]} 46. Rg8 {[%clk 0:18:48]} Rh7
{[%clk 0:16:08]} 47. g4 {[%clk 0:11:33]} Re5 {[%clk 0:11:27]} 1/2-1/2

[Event "MP do lat 16 - dziewczeta"]
[Site "Sypniewo"]
[Date "2022.03.19"]
[Round "1.14"]
[White "Niedorys, Karolina"]
[Black "Zybrant, Sandra"]
[Result "1-0"]
[BlackElo "1269"]
[WhiteElo "1583"]
[LiveChessVersion "1.4.8"]

1. e4 {[%clk 1:30:57]} c5 {[%clk 1:30:56]} 2. Nf3 {[%clk 1:31:23]} e6
{[%clk 1:31:22]} 3. d4 {[%clk 1:31:50]} cxd4 {[%clk 1:31:49]} 4. Nxd4
{[%clk 1:32:15]} a6 {[%clk 1:32:10]} 5. Nc3 {[%clk 1:29:49]} Qc7 {[%clk 1:32:33]}
6. Be3 {[%clk 1:18:31]} Nf6 {[%clk 1:32:18]} 7. f3 {[%clk 1:18:29]} Nc6
{[%clk 1:29:38]} 8. Qd2 {[%clk 1:17:37]} Be7 {[%clk 1:29:55]} 9. O-O-O
{[%clk 1:16:53]} d6 {[%clk 1:24:46]} 10. g4 {[%clk 1:07:51]} O-O {[%clk 1:10:07]}
11. h4 {[%clk 1:01:09]} b5 {[%clk 1:00:26]} 12. h5 {[%clk 0:53:31]} Bb7
{[%clk 0:53:15]} 13. g5 {[%clk 0:48:46]} Nd7 {[%clk 0:52:51]} 14. g6
{[%clk 0:42:24]} Nxd4 {[%clk 0:46:25]} 15. gxh7+ {[%clk 0:39:03]} Kxh7
{[%clk 0:46:37]} 16. Bxd4 {[%clk 0:34:10]} e5 {[%clk 0:45:46]} 17. Be3
{[%clk 0:32:06]} Nf6 {[%clk 0:44:21]} 18. Bh3 {[%clk 0:28:48]} Bc8
{[%clk 0:44:14]} 19. Rdg1 {[%clk 0:27:19]} Bxh3 {[%clk 0:40:39]} 20. Rxh3
{[%clk 0:27:28]} Qd7 {[%clk 0:40:16]} 21. Rh2 {[%clk 0:24:53]} Qe6
{[%clk 0:39:08]} 22. Qg2 {[%clk 0:17:33]} Rg8 {[%clk 0:39:26]} 23. Qg6+
{[%clk 0:14:26]} Kh8 {[%clk 0:38:37]} 24. Kb1 {[%clk 0:10:09]} Nh7
{[%clk 0:36:26]} 25. Qg2 {[%clk 0:07:47]} Rac8 {[%clk 0:22:09]} 26. Ne2
{[%clk 0:05:43]} Bf6 {[%clk 0:21:56]} 27. Ng3 {[%clk 0:05:21]} d5
{[%clk 0:21:57]} 28. Nf5 {[%clk 0:05:11]} d4 {[%clk 0:19:11]} 29. Bc1
{[%clk 0:05:20]} Qd7 {[%clk 0:15:03]} 30. Qh3 {[%clk 0:03:56]} Qe6
{[%clk 0:10:53]} 31. Rg6 {[%clk 0:02:08]} Nf8 {[%clk 0:08:32]} 32. Rhg2
{[%clk 0:01:42]} Nh7 {[%clk 0:07:22]} 33. Bg5 {[%clk 0:01:10]} Nxg5
{[%clk 0:04:45]} 34. R2xg5 {[%clk 0:01:33]} Bxg5 {[%clk 0:05:12]} 35. Rxe6
{[%clk 0:01:37]} fxe6 {[%clk 0:05:42]} 36. Nd6 {[%clk 0:01:23]} Rcf8
{[%clk 0:05:52]} 37. Qxe6 {[%clk 0:01:36]} Rxf3 {[%clk 0:04:33]} 38. Nf7+
{[%clk 0:01:36]} Rxf7 {[%clk 0:05:02]} 39. Qxf7 {[%clk 0:02:00]} Bf6
{[%clk 0:05:04]} 40. a3 {[%clk 0:31:11]} Rd8 {[%clk 0:34:52]} 41. h6
{[%clk 0:30:23]} Kh7 {[%clk 0:28:32]} 42. hxg7 {[%clk 0:30:34]} Bxg7
{[%clk 0:28:54]} 43. Qf5+ {[%clk 0:30:16]} Kh8 {[%clk 0:26:39]} 44. Qh3+
{[%clk 0:30:38]} Kg8 {[%clk 0:26:57]} 45. Qe6+ {[%clk 0:31:05]} Kh7
{[%clk 0:27:02]} 46. Qxa6 {[%clk 0:31:08]} d3 {[%clk 0:27:20]} 47. cxd3
{[%clk 0:30:55]} Rxd3 {[%clk 0:27:48]} 48. Qxb5 {[%clk 0:31:16]} Rd4
{[%clk 0:27:06]} 49. Qb7 {[%clk 0:30:27]} Kg6 {[%clk 0:27:19]} 50. Kc2
{[%clk 0:29:35]} Bf6 {[%clk 0:26:22]} 51. b4 {[%clk 0:29:04]} Kg5
{[%clk 0:26:02]} 52. Qh7 {[%clk 0:29:14]} Rd6 {[%clk 0:24:23]} 53. Qf5+
{[%clk 0:27:20]} Kh6 {[%clk 0:24:50]} 54. b5 {[%clk 0:26:51]} 1-0

[Event "MP do lat 16 - dziewczeta"]
[Site "Sypniewo"]
[Date "2022.03.19"]
[Round "1.15"]
[White "Olszewska, Wiktoria"]
[Black "Uliasz, Katarzyna"]
[Result "0-1"]
[BlackElo "1575"]
[WhiteElo "1262"]
[LiveChessVersion "1.4.8"]

1. d4 {[%clk 1:30:55]} Nf6 {[%clk 1:30:43]} 2. c4 {[%clk 1:31:01]} c5
{[%clk 1:30:52]} 3. e3 {[%clk 1:27:47]} g6 {[%clk 1:23:54]} 4. Nc3
{[%clk 1:23:42]} Bg7 {[%clk 1:04:10]} 5. Nf3 {[%clk 1:22:04]} cxd4
{[%clk 1:01:44]} 6. exd4 {[%clk 1:17:32]} d5 {[%clk 1:01:14]} 7. h3
{[%clk 0:50:53]} Nc6 {[%clk 0:53:22]} 8. Be3 {[%clk 0:48:04]} h6 {[%clk 0:42:41]}
9. Bd3 {[%clk 0:34:46]} Be6 {[%clk 0:40:25]} 10. c5 {[%clk 0:23:48]} O-O
{[%clk 0:38:53]} 11. a3 {[%clk 0:21:42]} a5 {[%clk 0:32:21]} 12. Qd2
{[%clk 0:18:20]} Kh7 {[%clk 0:29:36]} 13. Na4 {[%clk 0:14:58]} Ne4
{[%clk 0:26:03]} 14. Qc2 {[%clk 0:14:09]} f5 {[%clk 0:24:45]} 15. Nc3
{[%clk 0:09:20]} Nxc5 {[%clk 0:16:58]} 16. dxc5 {[%clk 0:06:40]} d4
{[%clk 0:17:23]} 17. Bxd4 {[%clk 0:05:21]} Nxd4 {[%clk 0:17:43]} 18. Nxd4
{[%clk 0:04:21]} Qxd4 {[%clk 0:16:46]} 19. Na4 {[%clk 0:04:01]} Rac8
{[%clk 0:14:48]} 20. O-O {[%clk 0:02:59]} Qf6 {[%clk 0:08:28]} 21. Nb6
{[%clk 0:02:27]} Rc7 {[%clk 0:08:23]} 22. Rab1 {[%clk 0:02:18]} f4
{[%clk 0:06:53]} 23. Be4 {[%clk 0:01:46]} f3 {[%clk 0:05:14]} 24. Bxf3
{[%clk 0:01:57]} Bxh3 {[%clk 0:05:34]} 25. Nd5 {[%clk 0:01:20]} Qg5
{[%clk 0:04:45]} 26. Qe4 {[%clk 0:01:44]} Rxc5 {[%clk 0:03:26]} 27. Ne3
{[%clk 0:01:23]} Bf5 {[%clk 0:02:13]} 28. Nxf5 {[%clk 0:01:43]} Rcxf5
{[%clk 0:02:28]} 29. Qg4 {[%clk 0:01:10]} Qxg4 {[%clk 0:01:24]} 30. Bxg4
{[%clk 0:01:38]} Rb5 {[%clk 0:01:43]} 31. b3 {[%clk 0:01:53]} Rd8
{[%clk 0:01:40]} 32. Rfe1 {[%clk 0:01:50]} Bf6 {[%clk 0:01:42]} 33. Be2
{[%clk 0:01:11]} Rc5 {[%clk 0:01:23]} 34. Rbc1 {[%clk 0:00:57]} Rdc8
{[%clk 0:01:04]} 35. Rxc5 {[%clk 0:01:01]} Rxc5 {[%clk 0:01:33]} 36. Bd3
{[%clk 0:01:09]} Rc3 {[%clk 0:01:35]} 37. Bc4 {[%clk 0:01:32]} a4
{[%clk 0:01:09]} 38. Rb1 {[%clk 0:01:07]} b5 {[%clk 0:00:59]} 39. Be6
{[%clk 0:01:05]} Kg7 {[%clk 0:00:51]} 40. Kf1 {[%clk 0:31:08]} Be5
{[%clk 0:30:52]} 41. Ke1 {[%clk 0:16:32]} Kf6 {[%clk 0:25:52]} 42. Bd7
{[%clk 0:14:45]} axb3 {[%clk 0:24:31]} 43. Bxb5 {[%clk 0:14:44]} b2
{[%clk 0:24:24]} 44. Kd2 {[%clk 0:12:33]} Rxa3 {[%clk 0:22:44]} 45. Bd3
{[%clk 0:10:37]} Ra1 {[%clk 0:21:41]} 46. Ke3 {[%clk 0:10:05]} g5
{[%clk 0:21:25]} 47. Ke4 {[%clk 0:08:21]} Ra4+ {[%clk 0:21:17]} 48. Ke3
{[%clk 0:08:01]} Bf4+ {[%clk 0:20:29]} 49. Ke2 {[%clk 0:07:22]} Bc1
{[%clk 0:20:50]} 50. Bc2 {[%clk 0:07:06]} Rd4 {[%clk 0:21:09]} 51. Bd3
{[%clk 0:05:45]} h5 {[%clk 0:20:20]} 52. g3 {[%clk 0:04:25]} e5 {[%clk 0:19:46]}
53. f3 {[%clk 0:03:22]} h4 {[%clk 0:17:17]} 54. gxh4 {[%clk 0:02:55]} gxh4
{[%clk 0:17:43]} 55. Be4 {[%clk 0:02:40]} Kg5 0-1